000 00351nam a2200145 i 4500
001 bg
100 1 _aSŁOBODECKI, I. S.
245 0 _aZadania z fizyki /
_cL.S. Słobodecki, L.G. Asłamazow.
260 _aWarszawa,
_c1986.
700 1 _aASLAMAZOV, L G.
040 _cBPK
041 _apol
942 _cKS
008 s pl f |000 0 pol
999 _c2767
_d2767
856 _uhttp://koha.tu.koszalin.pl/cgi-bin/koha/opac-detail.pl?biblionumber=2767
_yKatalog online BPK